000 00363nam a22001457a 4500
020 _qHB.
040 _cFIZZA ISHAQ
082 _a624.171
_bDEM
100 _aFERTIS, G. DEMETER
_989561
245 _aADVANCED MECHANICS STRUCTURES /
_cDEMETER G. FERTIS,
250 _a1st ED.
260 _aLONDON ;
_bCRC PRESS,
_c1996.
300 _a490 P. ;
942 _2ddc
_cBK
999 _c588242
_d588242